00833nam a2200205Ia 4500003000400000005001700004008004100021020001800062040000900080082001700089100002400106245003300130250001200163260005700175300000900232942004000241952016400281952016700445999001500612OSt20200821105727.0190216s9999||||xx |||||||||||||| ||und|| a9788122438093 coclc a641.3bSRI/F aSrilakshmi, B94252 0aFood Science /cB Srilakshmi a6th Ed. bNew Age International Publishers,c2015.aNew Delhi: a490p cBK2ddch641.3iSRI/Fk641.3mSRI/F 00102ddc40708Food & drink aMESbMEScFOOD TECHNOLOGYd2019-02-20g399.00l3o641.3 SRI/Fp38380r2024-10-09 15:31:13s2024-09-25t1w2019-02-20yBKzU20R3 00102ddc40708Food & drink aMESbMEScFOOD TECHNOLOGYd2019-02-20g399.00l9m6o641.3 SRI/Fp38401r2023-04-04 00:00:00s2023-03-16t2w2019-02-20yBKzU20R3 c3625d3625